24 declassified : derecho de veto /

Guardado en:
Detalles Bibliográficos
Autor principal: Whitman, John (autor)
Otros autores: Surnow, Joel (idea original) (idea original), Cochran, Robert (idea original) (idea original)
Formato: Libro
Idioma:Español
Publicado: Barcelona, España : RBA, 2007, c2007
Colección:(RBA Bolsillo. Narrativa)
Temas:
Etiquetas: Agrega una etiqueta
Sin etiquetas, Sé el primero en etiquetar este registro!

MARC

LEADER 00000nam^a2200000^a^4500
001 000300530
005 20250521000000.0
009 20260310112518.086
020 |a 978-84-7901-433-9 
037 |a Acervo ITESO - Biblioteca 
041 |a ESP 
082 |a 813.  |b WHI 
100 |a Whitman, John  |e (autor) 
245 1 0 |a 24 declassified :  |b derecho de veto /  |c J. Whitman ; idea original de J. Surnow, R. Cochran ; tr. por Lluís Delgado, Rosa Borràs. 
264 4 |a Barcelona, España :  |b RBA,  |c 2007, c2007 
300 |a 361 p. 
336 |a texto  |b txt  |2 rdacontenido 
337 |a sin mediación  |b n  |2 rdamedio 
338 |a volumen  |b nc  |2 rdasoporte 
440 1 |a (RBA Bolsillo.  |p Narrativa) 
500 |a Traducción de: 24 Declassified. Veto Power 
649 |a XX 
650 |a Novela Norteamericana 
650 |a Literatura Norteamericana -  |y Siglo XXI 
650 |a Literatura Policíaca y de Misterio -  |z EUA 
650 |a Terrorismo en la Literatura 
700 |a Surnow, Joel  |e (idea original) 
700 |a Cochran, Robert  |e (idea original) 
910 |a Fondo General 
920 |a Impresos - Libros 
930 |a Colección General 
905 |a 101 
901 |a 0500186485  |b IT1  |c ACC  |i C122486  |u 20250521 
902 |a https://opac.biblio.iteso.mx/vufind/Record/000300530